Mary Jane's Last Dance lyrics (ALL) - Statistics

General Stats
  • This quiz has been taken 49 times
  • The average score is 217 of 269
Answer Stats
Hint % Correct
I
100%
in
100%
on
100%
the
100%
a
97%
dance
97%
jane
97%
last
97%
mary
97%
more
97%
one
97%
time
97%
to
97%
with
97%
feel
95%
pain
95%
she
95%
and
92%
I'm
92%
im
92%
kill
92%
of
92%
up
92%
was
92%
who
92%
town
89%
again
86%
around
86%
cry
86%
grew
86%
her
86%
Indiana
86%
never
86%
night
86%
this
86%
boys
84%
creeping
84%
good
84%
got
84%
summer
84%
tired
84%
but
81%
had
81%
looking
81%
mama
81%
that
81%
them
81%
we
81%
away
78%
down
78%
right
78%
tall
78%
you
78%
blew
76%
seen
76%
than
76%
be
73%
my
73%
oh
73%
dress
70%
hell
70%
it
70%
keep
70%
moving
70%
party
70%
put
70%
age
68%
they'd
68%
well
68%
when
68%
yes
68%
baby
65%
eighteen
65%
me
65%
said
65%
both
62%
don't
62%
going
62%
grooving
62%
grow
62%
here
62%
i've
62%
know
62%
moved
62%
old
62%
she's
62%
told
62%
underwear
62%
as
59%
been
59%
can't
59%
introduced
59%
too
59%
come
57%
dig
57%
myself
57%
slow
57%
standing
57%
take
57%
what
57%
'cause
54%
honey
54%
screwing
54%
song
54%
square
54%
started
54%
drink
51%
long
51%
room
51%
sing
51%
soon
51%
will
51%
woke
51%
alone
49%
cold
49%
coming
49%
hotel
49%
market
49%
stay
49%
there's
46%
buy
43%
from
43%
nightfall
43%
pigeons
41%
walked
41%
number
38%
road
35%
hit
27%
No matching quizzes found
Score Distribution
Percent of People with Each Score
Percentile by Number Answered
Your Score History
You have not taken this quiz